[Event "Las Vegas 1000 GM op"]
[Site "Las Vegas"]
[Date "2023.06.09"]
[Round "3"]
[White "Nathan, Nitish"]
[Black "Stopa, Jacek"]
[Result "1/2-1/2"]
[WhiteElo "2104"]
[BlackElo "2382"]
[PlyCount "60"]
[EventDate "2023.06.08"]
[EventType "swiss"]
[EventRounds "9"]
[EventCountry "USA"]
[SourceTitle "CBM 214 Extra"]
[Source "ChessBase"]
[SourceDate "2023.07.31"]
[SourceVersion "1"]
[SourceVersionDate "2023.07.31"]
[SourceQuality "1"]

1. d4 e6 2. Bf4 b5 3. e3 Bb7 4. Nf3 b4 5. Nbd2 Nf6 6. h3 Be7 7. Bd3 0-0 8. 0-0 a5 9. Bh2 c5 10. c3 Nc6 11. Ne4 Nxe4 12. Bxe4 d5 13. Bc2 Ba6 14. Re1 Qb6 15. Ne5 Nxe5 16. Bxe5 f5 17. Qd2 c4 18. a3 bxa3 19. bxa3 Bd6 20. Reb1 Qc7 21. Bxd6 Qxd6 22. f4 Rab8 23. Qc1 g5 24. Rxb8 Rxb8 25. Rb1 Rxb1 26. Bxb1 Kg7 27. Bc2 h5 28. g3 Qb8 29. Qb1 Qxb1+ 30. Bxb1 g4 1/2-1/2

[Event "New York Spring IM-C"]
[Site "New York"]
[Date "2023.04.08"]
[Round "6"]
[White "Jimenez Fraga, Pedro Alejandro"]
[Black "Stopa, Jacek"]
[Result "1/2-1/2"]
[WhiteElo "2463"]
[BlackElo "2386"]
[PlyCount "21"]
[EventDate "2023.04.05"]
[EventType "tourn"]
[EventRounds "9"]
[EventCountry "USA"]
[SourceTitle "CBM 213 Extra"]
[Source "ChessBase"]
[SourceDate "2023.05.31"]
[SourceVersion "1"]
[SourceVersionDate "2023.05.31"]
[SourceQuality "1"]

1. e4 d6 2. d4 Nf6 3. Nc3 e5 4. dxe5 dxe5 5. Qxd8+ Kxd8 6. Bc4 Be6 7. Bxe6 fxe6 8. Nf3 Bd6 9. Be3 Ke7 10. Ke2 Nc6 11. Ng1 1/2-1/2

[Event "New York Spring IM-C"]
[Site "New York"]
[Date "2023.04.08"]
[Round "7"]
[White "Stopa, Jacek"]
[Black "Mou, Iris Zhaoying"]
[Result "1-0"]
[WhiteElo "2386"]
[BlackElo "2002"]
[PlyCount "107"]
[EventDate "2023.04.05"]
[EventType "tourn"]
[EventRounds "9"]
[EventCountry "USA"]
[SourceTitle "CBM 213 Extra"]
[Source "ChessBase"]
[SourceDate "2023.05.31"]
[SourceVersion "1"]
[SourceVersionDate "2023.05.31"]
[SourceQuality "1"]

1. d4 Nf6 2. g3 e6 3. Bg2 d5 4. Nf3 b5 5. 0-0 Be7 6. a4 b4 7. c4 bxc3 8. Nxc3 a5 9. Bf4 c5 10. dxc5 Bxc5 11. Nd4 Bb7 12. Ndb5 Na6 13. Qb3 0-0 14. Nc7 Nxc7 15. Qxb7 Bd6 16. Rfc1 Rb8 17. Qa7 e5 18. Bg5 Rxb2 19. Qxa5 Qb8 20. Rab1 Bb4 21. Rxb2 Bxa5 22. Rxb8 Rxb8 23. Bxf6 gxf6 24. Nxd5 Nxd5 25. Bxd5 Kf8 26. Rc6 Rd8 27. Bc4 Rd4 28. Kg2 Ke7 29. e3 Rd7 30. Ra6 Bb4 31. Ra8 Rc7 32. Bb3 Rb7 33. Bd5 Rd7 34. Be4 h6 35. a5 Rd8 36. Rxd8 Kxd8 37. a6 Bc5 38. Kf3 Ke7 39. Kg4 Kf8 40. Bd5 Ba7 41. Bc4 Ke7 42. Kf5 Bb8 43. Ke4 Ba7 44. Kd5 Kd7 45. Bb5+ Kd8 46. Kc6 Kc8 47. g4 Bb8 48. Bc4 Ba7 49. Bxf7 Kb8 50. Kd6 Bb6 51. Ke7 Ba5 52. Kxf6 Be1 53. f3 Bd2 54. Kxe5 1-0

[Event "New York Spring IM-C"]
[Site "New York"]
[Date "2023.04.07"]
[Round "5"]
[White "Stopa, Jacek"]
[Black "Rama, Tejas"]
[Result "1/2-1/2"]
[WhiteElo "2386"]
[BlackElo "2190"]
[PlyCount "38"]
[EventDate "2023.04.05"]
[EventType "tourn"]
[EventRounds "9"]
[EventCountry "USA"]
[SourceTitle "CBM 213 Extra"]
[Source "ChessBase"]
[SourceDate "2023.05.31"]
[SourceVersion "1"]
[SourceVersionDate "2023.05.31"]
[SourceQuality "1"]

1. d4 Nf6 2. c4 e6 3. Nf3 d5 4. g3 dxc4 5. Bg2 c5 6. 0-0 Nc6 7. Qa4 Bd7 8. Qxc4 b5 9. Qd3 c4 10. Qd1 Rc8 11. b3 Be7 12. a4 Na5 13. axb5 Nxb3 14. Rxa7 Qb6 15. Ra2 Nd5 16. Ba3 Bxa3 17. Rxa3 0-0 18. e4 Nb4 19. Nc3 Bxb5 1/2-1/2

[Event "New York Spring IM-C"]
[Site "New York"]
[Date "2023.04.07"]
[Round "4"]
[White "Wang, Jalen"]
[Black "Stopa, Jacek"]
[Result "0-1"]
[WhiteElo "2136"]
[BlackElo "2386"]
[PlyCount "54"]
[EventDate "2023.04.05"]
[EventType "tourn"]
[EventRounds "9"]
[EventCountry "USA"]
[SourceTitle "CBM 213 Extra"]
[Source "ChessBase"]
[SourceDate "2023.05.31"]
[SourceVersion "1"]
[SourceVersionDate "2023.05.31"]
[SourceQuality "1"]

1. d4 e6 2. Bf4 f5 3. e3 Nf6 4. Nd2 Be7 5. h3 0-0 6. g4 Nd5 7. Bd3 Nxf4 8. exf4 c5 9. Ngf3 cxd4 10. gxf5 Nc6 11. Nb3 Qc7 12. Rg1 Qxf4 13. Rg4 Qh6 14. Nbxd4 exf5 15. Nxf5 Qe6+ 16. Ne3 d5 17. Be2 Qf7 18. Rg2 Be6 19. c3 Rad8 20. Ng4 Kh8 21. Nge5 Nxe5 22. Nxe5 Qf4 23. Nf3 d4 24. Qc1 Qxc1+ 25. Rxc1 d3 26. Nd4 Bd5 27. Bf1 d2+ 0-1

[Event "Los Angeles 1000GM Inv 02"]
[Site "Los Angeles"]
[Date "2023.02.24"]
[Round "6"]
[White "Corrales Jimenez, Fidel"]
[Black "Stopa, Jacek"]
[Result "1/2-1/2"]
[WhiteElo "2487"]
[BlackElo "2374"]
[PlyCount "21"]
[EventDate "2023.02.22"]
[EventType "tourn"]
[EventRounds "9"]
[EventCountry "USA"]
[SourceTitle "CBM 213 Extra"]
[Source "ChessBase"]
[SourceDate "2023.05.31"]
[SourceVersion "1"]
[SourceVersionDate "2023.05.31"]
[SourceQuality "1"]

1. d4 e6 2. c4 f5 3. Nc3 Nf6 4. Nf3 d5 5. e3 c6 6. Be2 Bd6 7. 0-0 0-0 8. b3 Nbd7 9. a4 Qe7 10. Bb2 a5 11. Qc2 1/2-1/2